00491nam a2200133Ia 450000500170000000800410001702000150005808200130007310000170008624500500010326000410015330000120019450001510020620240625020151.0240331s9999 xx 000 0 und d a817041461x bBAKa100 aBakshi, S.R. 0aArya samaj :bSwami Dayananda and hisideology aNew DelhibAnmol Publications c1991 a303 p., aThe book deals with the social philosophy of Swami Dayananda who was a wonderful soul, a saint, a reformer, a scholar all combined in two volumes.